000 01009njm a2200241 i 4500
001 4810
003 ES-MaACL
007 s|r|||||||||||
008 070817s1976 sp ||| g ||||||||1|nspa d
100 1 _aLecuona, Juan María.
_971123
245 1 3 _aEl bersolarismo [
_hGrabación sonora]
_b: cultura oral vasca /
_cinterviene Juan Mari Lecuona.
260 _aMadrid :
_bAteneo de Madrid,
_c1976.
300 _a2 discos (CD-DA) (1 h. 43 min.) ;
_c12 cm.
500 _aDatos basados en la invitación.
518 _aActo organizado por el Aula de Lengua Vasca del Ateneo de Madrid, grabado en el salón de actos el lunes 10 de mayo de 1976, a las 20:00 h.
610 2 4 _aAteneo de Madrid-
_xActos culturales-
_y1976-
_vGrabaciones sonoras.
_91886
650 1 4 _aLengua vasca-
_xAspectos sociales.
_914330
710 2 _aAteneo de Madrid.
_bAula de Lengua Vasca.
_91940
852 _aES-MaACL
_cROT
_jROT 3/7/25
_94927
852 _aES-MaACL
_cROT
_jROT 3/7/26
_9203057
942 _2udc
_cCDROM
999 _c4810
_d4810